000 00456cam a2200193 4500
001 D7958
008 090401t1983 xxu||||| |||| 00| 0 eng d
035 _a(Sirsi) u10317
041 _aeng
050 _a692.8
100 _aPowell-Smith, Vincent
245 _aBuilding contract claims
260 _aSt Albans
_bGranada Publishing
_c1983
300 _avii. 319p. 24cm
350 _a17.95
700 _aSims, John
942 _n0
948 _c04/03/1997
999 _c86726
_d86726